000 00845nas a2200265 4500
001 BR7908525
003 BR-BrBNA
005 20231205084036.0
007 ta
008 230509b bl.|||p| |||| 00| 00por d
040 _aBR-BrBNA
_bpor
_cBiblioteca Nacional de Agricultura
041 _a(Pt)
072 _aL30
100 1 _aAlcantara, P.B.
100 1 _aAbramides, P.L.G.
100 1 _aRocha, G.L. da
245 1 _aEfeito da quantidade de leguminosas presentes em pastagens de gramineas tropicais, sobre o ganho de peso de bovino de corte
650 _aGADO DE CORTE
650 _aGANHO DE PESO
650 _aLEGUMINOSA FORRAGEIRA
650 _aGRAMINEA TROPICAL
773 0 _tZootecnia (Brazil)
_xISSN 0044-5320
_g(Oct-Dec 1979), v. 17(4) p. 225-238
_wBR7908525
909 _a202311
_bLúcia
_c55
_dLúcia Elande
942 _2AGRIS
_n0
_cANA
999 _c102753
_d102753